American Chinese Cuisine Quiz Stats

Quiz not verified by Sporcle

Challenge
Share
Tweet
Embed
Score 0/9 Timer 07:00
0 Plays Today
% Correct
Chow Mein
50.7%
General Tso's Chicken
42.3%
Fortune Cookie
42.3%
Chop Suey
29.6%
Sesame Chicken
19.7%
Crab Rangoon
16.9%
Chow Fun
5.6%
Royal Beef
2.8%
Chinese Chicken Salad
1.4%

You're not logged in!

Compare scores with friends on all Sporcle quizzes.
Sign Up with Email
OR
Log In

You Might Also Like...

Show Comments

Extras

Top Quizzes Today


Score Distribution

Your Account Isn't Verified!

In order to create a playlist on Sporcle, you need to verify the email address you used during registration. Go to your Sporcle Settings to finish the process.